000 00376nam a2200157Ia 4500
001 R-805
003 CODICE-MESSINA
005 20260212102457.0
008 260211s9999 xx 000 0 und d
040 _cimportazione_messina
100 _aDacia Maraini
245 0 _aLa Vacanza
245 0 _bL'adolescenza di una donna-oggetto
260 _bBompiani
942 _2ddc
_cBK
999 _c27297
_d27297